000 00951cam a22002411i 4500
003 SA-RiAUC
005 20250130062030.0
008 250129s1981 ua g f000 0 ara c
040 _aEG-CaBUE
_bara
_cSA-RiAUC
_erda
082 0 4 _a214
090 _a214
_b د ج و
100 1 _aالدجوي، يوسف بن أحمد بن نصر،
_d1870-1946
_eمؤلف.
245 1 0 _aمفاهيم إسلامية :
_bمقالات وفتاوى /
_cيوسف الدجوي.
264 1 _aالقاهرة :
_bالهيئة العامة لشؤون المطابع الأميرية،
_c1981
300 _a2 مجلد ؛
_c24 سم
336 _aنص
_btxt
_2rdacontent
_3كتاب
337 _aبدون وسيط
_bn
_2rdamedia
338 _aمجلد
_bnc
_2rdacarrier
650 7 _aالثقافة الإسلامية
_vمقالات ومحاضرات
_2aucsh
942 _2ddc
_cBOOK
_n0
949 _aSA-JeALM
_d250129
_uosman123
_n1
999 _c5431
_d5431